000 00851cam a2200217 a 4500
003 SA-RiAUC
005 20150408113829.0
008 080905s1997 le g b 00010dara c
040 _amu
_bara
_cmb
050 0 0 _aPJ 7553 M87 1997
082 0 4 _a811.4
_221
_bش م ش
100 1 _aالشكعة، مصطفى محمد،
_d1917-
_9722
245 1 2 _aالشعر والشعراء في العصر العباسي /
_cمصطفى الشكعة.
250 _aط. 7.
260 _aبيروت :
_bدار العلم للملايين،
_c1997
300 _a816 ص. ؛
_c24 سم.
504 _aببليوجرافية : ص. 800-807.
650 7 _aالشعر العربي
_xتاريخ ونقد
_yالعصر العباسي، 750-1258
_2aucsh
_9723
650 7 _aالشعراء العرب
_yالعصر العباسي، 750-1258
_vتراجم
_2aucsh
_9158
942 _2ddc
_cBOOK
999 _c8000
_d242500